000
00286nam a22001217a 4500
003
NUST-PNEC
005
20170116181106.0
008
150202b xxu||||| |||| 00| 0 eng d
040
_c
PNEC
100
_9
1245
_a
Samuel Glasstone
245
_a
Nuclear Reactor Engineering
942
_2
ddc
_c
BK
999
_c
68952
_d
68952